000 00535nam a2200157Ia 4500
003 LDD
008 190327s9999 xx 000 0 und d
040 _cLDD
082 _a8H3.6 प्रे59222प्र
100 _aपाण्डेय,राममोहन
245 0 _aप्रज्ञा: प्रेमचन्द स्मृति अंक= Pragya: premchand smriti ank
260 _aवाराणसी
_bजयन्ती प्रेस
_c1982
300 _a320पृ
942 _2ddc
_cBK
949 _aG010662
999 _c192782
_d192782